书目信息 |
| 题名: |
高等学校入党培训教程
|
|
| 作者: | 黄政 主编 | |
| 分册: | ||
| 出版信息: | 成都 电子科技大学出版社 2003 |
|
| 页数: | 216页 | |
| 开本: | 20cm | |
| 丛书名: | 党的知识丛书 | |
| 单 册: | ||
| 中图分类: | D261.42 | |
| 科图分类: | ||
| 主题词: | ||
| 电子资源: | ||
| ISBN: | 7-81094-082-1 | |
| 000 | 00872oam2 2200277 45 | |
| 001 | 012006050101 | |
| 005 | 20061214141735.71 | |
| 010 | @a7-81094-082-1@dCNY17.50 | |
| 092 | @aCN@b492880 | |
| 100 | @a20060501e20052003em y0chiy0120 ea | |
| 101 | 0 | @achi |
| 102 | @aCN@b510000 | |
| 105 | @ay z 000yy | |
| 200 | 1 | @a高等学校入党培训教程@9gao deng xue xiao ru dang pei xun jiao cheng@f黄政主编 |
| 210 | @a成都@c电子科技大学出版社@d2003@h2005重印 | |
| 215 | @a216页@d20cm | |
| 225 | 2 | @a党的知识丛书 |
| 320 | @a有书目 | |
| 330 | @a本书主要内容:中国共产党的性质;中国共产党的指导思想;中国共产党的根本宗旨;中国共产党的组织原则和纪律等。 | |
| 461 | 0 | @12001 @a党的知识丛书 |
| 601 | 02 | @a中国共产党@x基本知识 |
| 601 | 02 | @a中国共产党 |
| 690 | @aD261.42@v4 | |
| 701 | 0 | @a黄政@9huang zheng@4主编 |
| 801 | 0 | @aCN@bLZJBOOK@c20061214 |
| 905 | @a10447@dD261.42@e133 | |
| 高等学校入党培训教程/黄政主编.-成都:电子科技大学出版社,2003(2005重印) |
| 216页;20cm.-(党的知识丛书) |
| ISBN 7-81094-082-1:CNY17.50 |
| 本书主要内容:中国共产党的性质;中国共产党的指导思想;中国共产党的根本宗旨;中国共产党的组织原则和纪律等。 |
| ● |
| 相关链接 |
|
|
|
|
正题名:高等学校入党培训教程
索取号:D261.42/133
 
预约/预借
| 序号 | 登录号 | 条形码 | 馆藏地/架位号 | 状态 | 备注 |
| 1 | 0550578 | 205505782 | 第一样本阅览室/ [索取号:D261.42/133] | 在馆 | |
| 2 | 0550579 | 205505791 | 第一借阅区/ [索取号:D261.42/133] | 在馆 | |
| 3 | 0550580 | 205505808 | 密集书库/ [索取号:D261.42/133] | 在馆 | |
| 4 | 0550581 | 205505817 | 第一借阅区/ [索取号:D261.42/133] | 在馆 | |
| 5 | 0550582 | 205505826 | 第一借阅区/ [索取号:D261.42/133] | 在馆 | |
| 6 | 0550583 | 205505835 | 密集书库/ [索取号:D261.42/133] | 在馆 | |
| 7 | 0550584 | 205505844 | 密集书库/ [索取号:D261.42/133] | 在馆 | |
| 8 | 0550585 | 205505853 | 第一借阅区/ [索取号:D261.42/133] | 在馆 |